| 000 | 00780nam a2200205 a 4500 | ||
|---|---|---|---|
| 001 | 000039330 | ||
| 005 | 20201002031611.0 | ||
| 008 | 130624s1999 dr 000 0 spa d | ||
| 020 | _a8400078594 | ||
| 040 |
_aDO-SdBNP _bspa _cBNPHU |
||
| 100 | 1 |
_aFernández Jiménez, Francisco María _965525 |
|
| 245 | 1 | 3 |
_aEl humanismo Bizantino en San Simeón el nuevo teólogo : _bla renovación de la mística bizantina / _cFrancisco María Fernández Jiménez,. |
| 260 |
_aMadrid : _bConsejo su Superior de Investigación Científicas :, _c1999. |
||
| 300 | _axvi, 303 p. | ||
| 490 | 1 |
_aNueva Roma _v8 |
|
| 500 | _aIncluye referencias bibliográficas y notas al pie de las páginas | ||
| 500 | _aIncluye índice | ||
| 504 | _aBibliografía : 287 -2195 p. | ||
| 830 | 0 |
_aNueva Roma _915353 |
|
| 999 |
_c38820 _d38820 |
||